000 00437nam a2200169Ia 4500
005 20250424120237.0
008 250424s9999 xx 000 0 und d
022 _a00157228
050 _aHF 1455 .F67/
245 0 _aForeign policy
260 _aNew York
260 _bCarnegie Endowment for International Peace
260 _c1984
300 _a192 p.; 26 cm.
650 _aUnited States--Foreign economic relations.
942 _cSR
999 _c38203
_d38203